[Event "2nd Asian Nations Team Cup U14 2019"]
[Site "Shenzhen"]
[Date "2019.12.21"]
[Round "4.8"]
[White "Ulziikhishig Khishigbat"]
[Black "Wu, Yixing"]
[Result "0-1"]
[WhiteElo "1525"]
[BlackElo "1767"]
[Annotator "NA RC"]
[PlyCount "182"]
[EventDate "2019.12.19"]
[EventType "team-tourn"]
[EventCountry "CHN"]
[SourceTitle "playchess.com"]
[Source "ChessBase"]
[SourceQuality "1"]
[TimeControl "5400+30"]

1. d4 {[%emt 0:00:00]} Nf6 {[%emt 0:00:00]} 2. c4 {[%emt 0:00:00]} g6 {[%emt 0:00:00]} 3. Nc3 {[%emt 0:00:00]} d5 {[%emt 0:00:00]} 4. cxd5 {[%emt 0:00:00]} Nxd5 {[%emt 0:00:00]} 5. e4 {[%emt 0:00:00]} Nxc3 {[%emt 0:00:00]} 6. bxc3 {[%emt 0:00:03]} Bg7 {[%emt 0:00:00]} 7. Bc4 {[%emt 0:00:17]} c5 {[%emt 0:00:00]} 8. Ne2 {[%emt 0:00:21]} cxd4 {[%emt 0:01:33]} 9. cxd4 {[%emt 0:00:09]} Nc6 {[%emt 0:00:13]} 10. Bb2 {[%emt 0:02:33]} O-O {[%emt 0:05:16]} 11. O-O {[%emt 0:00:40]} Na5 {[%emt 0:00:11]} 12. Bd3 {[%emt 0:01:56]} b6 {[%emt 0:01:58]} 13. Rc1 {[%emt 0:04:49]} Bb7 {[%emt 0:00:11]} 14. Bc3 {[%emt 0:00:54]} Nc6 {[%emt 0:08:14]} 15. d5 {[%emt 0:01:13]} Ne5 {[%emt 0:01:58]} 16. f4 {[%emt 0:04:19]} Nxd3 {[%emt 0:03:42]} 17. Qxd3 {[%emt 0:00:07]} Bxc3 {[%emt 0:00:34]} 18. Rxc3 {[%emt 0:00:51]} Qd7 {[%emt 0:01:40]} 19. Rfc1 {[%emt 0:02:28]} Rac8 {[%emt 0:00:12]} 20. h3 {[%emt 0:00:52]} Rxc3 {[%emt 0:07:45]} 21. Rxc3 {[%emt 0:00:41]} f5 {[%emt 0:00:55]} 22. Qc2 {[%emt 0:09:33]} fxe4 {[%emt 0:01:07]} 23. Rc7 {[%emt 0:00:45]} Qxd5 {[%emt 0:00:42]} 24. Nc3 {[%emt 0:01:33]} Qd4+ {[%emt 0:01:09]} 25. Kh2 {[%emt 0:02:01]} Ba8 {[%emt 0:07:07]} 26. Rxe7 {[%emt 0:04:38]} Qf6 {[%emt 0:06:34]} 27. Rxa7 {[%emt 0:10:14]} Qxf4+ {[%emt 0:00:19]} 28. g3 {[%emt 0:00:51]} Qf6 {[%emt 0:00:56]} 29. Nd1 {[%emt 0:21:08]} Qd4 {[%emt 0:20:32]} 30. Qc3 {[%emt 0:07:18]} Qxc3 {[%emt 0:00:08]} 31. Nxc3 {[%emt 0:00:05]} Re8 {[%emt 0:00:06]} 32. Nd1 {[%emt 0:02:50]} Bc6 {[%emt 0:02:00]} 33. Ne3 {[%emt 0:02:31]} Rd8 {[%emt 0:00:51]} 34. Kg1 {[%emt 0:01:30]} Bb5 {[%emt 0:06:27]} 35. Rb7 {[%emt 0:02:35]} Rd3 {[%emt 0:02:45]} 36. Kf2 {[%emt 0:05:38]} Rd2+ {[%emt 0:00:14]} 37. Kg1 {[%emt 0:00:19]} Rxa2 {[%emt 0:01:39]} 38. Rxb6 {[%emt 0:00:22]} Bd3 {[%emt 0:00:05]} 39. Rb7 {[%emt 0:01:38]} h5 {[%emt 0:01:28]} 40. Nd5 {[%emt 0:02:39]} Ra1+ {[%emt 0:01:00]} 41. Kf2 {[%emt 0:05:46]} Rf1+ {[%emt 0:02:25]} 42. Kg2 {[%emt 0:00:27]} Rf3 {[%emt 0:01:05]} 43. Nf4 {[%emt 0:01:09]} Bf1+ {[%emt 0:00:17]} 44. Kh2 {[%emt 0:00:48]} e3 {[%emt 0:00:37]} 45. Re7 {[%emt 0:00:33]} h4 {[%emt 0:00:37]} 46. gxh4 {[%emt 0:00:54]} Rxf4 {[%emt 0:00:07]} 47. Kg3 {[%emt 0:00:17]} Rf5 {[%emt 0:00:34]} 48. Rxe3 {[%emt 0:00:11]} Bc4 {[%emt 0:00:37]} 49. Re7 {[%emt 0:00:46]} Bf7 {[%emt 0:00:13]} 50. Kg4 {[%emt 0:00:22]} Kg7 {[%emt 0:00:05]} 51. Ra7 {[%emt 0:00:16]} Kf6 {[%emt 0:00:26]} 52. Ra3 {[%emt 0:00:18]} Be6 {[%emt 0:00:08]} 53. Kg3 {[%emt 0:00:13]} Rb5 {[%emt 0:00:37]} 54. Rf3+ {[%emt 0:00:55]} Bf5 {[%emt 0:00:05]} 55. Ra3 {[%emt 0:00:18]} Ke5 {[%emt 0:00:29]} 56. Re3+ {[%emt 0:00:29]} Kd4 {[%emt 0:00:40]} 57. Ra3 {[%emt 0:00:43]} Rd5 {[%emt 0:01:44]} 58. Kf4 {[%emt 0:00:21]} Bd3 {[%emt 0:01:00]} 59. Ra4+ {[%emt 0:00:44]} Bc4 {[%emt 0:00:02]} 60. Rb4 {[%emt 0:00:39]} Kc5 {[%emt 0:01:03]} 61. Rb2 {[%emt 0:00:15]} Bf1 {[%emt 0:00:40]} 62. Kg4 {[%emt 0:00:33]} Rf5 {[%emt 0:00:47]} 63. Rd2 {[%emt 0:00:21]} Kc4 {[%emt 0:00:34]} 64. Rd6 {[%emt 0:00:20]} Be2+ {[%emt 0:00:04]} 65. Kg3 {[%emt 0:00:16]} Bh5 {[%emt 0:00:01]} 66. Rc6+ {[%emt 0:00:48]} Kd4 {[%emt 0:00:16]} 67. Rd6+ {[%emt 0:00:12]} Ke4 {[%emt 0:00:06]} 68. Re6+ {[%emt 0:00:07]} Re5 {[%emt 0:00:03]} 69. Ra6 {[%emt 0:00:30]} Kf5 {[%emt 0:00:06]} 70. Ra3 {[%emt 0:00:18]} Rd5 {[%emt 0:00:24]} 71. Re3 {[%emt 0:00:26]} Rb5 {[%emt 0:01:06]} 72. Ra3 {[%emt 0:00:35]} Bd1 {[%emt 0:00:21]} 73. Ra1 {[%emt 0:00:31]} Rb3+ {[%emt 0:00:46]} 74. Kh2 {[%emt 0:00:41]} Rd3 {[%emt 0:01:07]} 75. Ra5+ {[%emt 0:00:30]} Kf4 {[%emt 0:00:06]} 76. Ra2 {[%emt 0:00:42]} Re3 {[%emt 0:00:41]} 77. Ra6 {[%emt 0:00:28]} Re2+ {[%emt 0:00:11]} 78. Kg1 {[%emt 0:00:25]} Bc2 {[%emt 0:00:13]} 79. Ra3 {[%emt 0:01:12]} Be4 {[%emt 0:00:24]} 80. Rc3 {[%emt 0:00:36]} Re3 {[%emt 0:00:19]} 81. Rc5 {[%emt 0:01:14]} Rxh3 {[%emt 0:00:08]} 82. h5 {[%emt 0:00:11]} Rxh5 {[%emt 0:00:15]} 83. Rc8 {[%emt 0:00:11]} g5 {[%emt 0:00:11]} 84. Kf2 {[%emt 0:00:31]} Rh2+ {[%emt 0:00:05]} 85. Kg1 {[%emt 0:00:13]} Rc2 {[%emt 0:00:12]} 86. Rd8 {[%emt 0:00:22]} g4 {[%emt 0:00:06]} 87. Rd1 {[%emt 0:00:17]} Rg2+ {[%emt 0:00:22]} 88. Kf1 {[%emt 0:00:13]} Rh2 {[%emt 0:00:04]} 89. Re1 {[%emt 0:00:02]} Rh1+ {[%emt 0:00:05]} 90. Kf2 {[%emt 0:00:01]} g3+ {[%emt 0:00:08]} 91. Ke2 {[%emt 0:00:10]} g2 {[%emt 0:00:10]} 0-1

[Event "2nd Asian Nations Team Cup U14 2019"]
[Site "Shenzhen"]
[Date "2019.12.21"]
[Round "4.9"]
[White "Jin Yueheng"]
[Black "Yeoh, Yuan Hui"]
[Result "1-0"]
[WhiteElo "1924"]
[BlackElo "1738"]
[Annotator "NA RC"]
[PlyCount "131"]
[EventDate "2019.12.19"]
[EventType "team-tourn"]
[EventCountry "CHN"]
[SourceTitle "playchess.com"]
[Source "ChessBase"]
[SourceQuality "1"]
[TimeControl "5400+30"]

1. d4 {[%emt 0:00:00]} d5 {[%emt 0:00:00]} 2. c4 {[%emt 0:00:00]} c6 {[%emt 0:00:00]} 3. cxd5 {[%emt 0:00:00]} cxd5 {[%emt 0:00:00]} 4. Bf4 {[%emt 0:00:00]} Nc6 {[%emt 0:00:45]} 5. e3 {[%emt 0:00:00]} Nf6 {[%emt 0:01:25]} 6. Nc3 {[%emt 0:00:00]} Bf5 {[%emt 0:08:25]} 7. Qb3 {[%emt 0:00:05]} Na5 {[%emt 0:05:55]} 8. Qa4+ {[%emt 0:00:06]} Bd7 {[%emt 0:00:12]} 9. Qc2 {[%emt 0:00:06]} Rc8 {[%emt 0:08:06]} 10. Bd3 {[%emt 0:00:11]} e6 {[%emt 0:01:20]} 11. Rc1 {[%emt 0:00:55]} Be7 {[%emt 0:04:46]} 12. Nf3 {[%emt 0:00:06]} Nc6 {[%emt 0:00:51]} 13. Qe2 {[%emt 0:00:30]} a6 {[%emt 0:01:36]} 14. h3 {[%emt 0:00:19]} O-O {[%emt 0:00:11]} 15. O-O {[%emt 0:00:04]} b5 {[%emt 0:01:56]} 16. a3 {[%emt 0:06:32]} Qb6 {[%emt 0:06:29]} 17. Bb1 {[%emt 0:01:29]} Rfd8 {[%emt 0:02:19]} 18. Ne5 {[%emt 0:01:58]} Be8 {[%emt 0:04:51]} 19. Qd3 {[%emt 0:00:22]} g6 {[%emt 0:08:01]} 20. Qe2 {[%emt 0:01:39]} Kg7 {[%emt 0:01:28]} 21. Bd3 {[%emt 0:01:53]} Na5 {[%emt 0:08:58]} 22. Na2 {[%emt 0:00:42]} Nc4 {[%emt 0:01:21]} 23. Rc2 {[%emt 0:00:55]} Qb7 {[%emt 0:01:55]} 24. Rfc1 {[%emt 0:01:23]} Qa8 {[%emt 0:08:25]} 25. a4 {[%emt 0:04:56]} Nd7 {[%emt 0:07:26]} 26. Nxd7 {[%emt 0:00:46]} Bxd7 {[%emt 0:00:06]} 27. b3 {[%emt 0:00:50]} Na3 {[%emt 0:01:30]} 28. Rxc8 {[%emt 0:00:56]} Rxc8 {[%emt 0:00:08]} 29. axb5 {[%emt 0:00:11]} Rxc1+ {[%emt 0:04:06]} 30. Nxc1 {[%emt 0:00:01]} Qc8 {[%emt 0:00:54]} 31. Qb2 {[%emt 0:04:03]} Bxb5 {[%emt 0:01:18]} 32. Bxb5 {[%emt 0:03:11]} axb5 {[%emt 0:00:56]} 33. Na2 {[%emt 0:01:58]} Qc2 {[%emt 0:04:56]} 34. Qxc2 {[%emt 0:00:40]} Nxc2 {[%emt 0:00:07]} 35. Nc3 {[%emt 0:00:30]} Na1 {[%emt 0:00:36]} 36. Nxb5 {[%emt 0:00:05]} Nxb3 {[%emt 0:00:10]} 37. Kf1 {[%emt 0:00:03]} Kf8 {[%emt 0:04:41]} 38. Ke2 {[%emt 0:00:04]} Ke8 {[%emt 0:00:07]} 39. Kd3 {[%emt 0:00:06]} Kd7 {[%emt 0:00:06]} 40. Nc3 {[%emt 0:00:22]} Bd6 {[%emt 0:02:33]} 41. Bxd6 {[%emt 0:00:02]} Kxd6 {[%emt 0:00:07]} 42. Ne2 {[%emt 0:00:03]} Na5 {[%emt 0:01:08]} 43. Ng1 {[%emt 0:00:05]} Nc6 {[%emt 0:00:30]} 44. Nf3 {[%emt 0:00:02]} f6 {[%emt 0:00:21]} 45. Nd2 {[%emt 0:00:08]} Na5 {[%emt 0:00:48]} 46. Kc3 {[%emt 0:00:08]} Nc6 {[%emt 0:00:16]} 47. Nb3 {[%emt 0:00:12]} Kd7 {[%emt 0:00:31]} 48. Nc5+ {[%emt 0:00:05]} Kd6 {[%emt 0:00:11]} 49. Nd3 {[%emt 0:00:06]} e5 {[%emt 0:01:01]} 50. Nb4 {[%emt 0:00:08]} Na5 {[%emt 0:00:34]} 51. Nc2 {[%emt 0:00:26]} Nc6 {[%emt 0:00:15]} 52. Kb3 {[%emt 0:00:12]} Na5+ {[%emt 0:00:43]} 53. Kb4 {[%emt 0:00:10]} Nc4 {[%emt 0:00:05]} 54. Kc3 {[%emt 0:06:19]} Nb6 {[%emt 0:00:39]} 55. Na3 {[%emt 0:01:09]} Kc6 {[%emt 0:00:21]} 56. Kb4 {[%emt 0:00:03]} Nd7 {[%emt 0:00:41]} 57. Ka5 {[%emt 0:00:58]} Nf8 {[%emt 0:00:19]} 58. Nc2 {[%emt 0:00:37]} Ne6 {[%emt 0:00:06]} 59. Kb4 {[%emt 0:02:19]} exd4 {[%emt 0:01:24]} 60. Nxd4+ {[%emt 0:00:03]} Nxd4 {[%emt 0:00:07]} 61. exd4 {[%emt 0:00:04]} Kb6 {[%emt 0:00:48]} 62. h4 {[%emt 0:01:36]} g5 {[%emt 0:00:32]} 63. hxg5 {[%emt 0:00:08]} fxg5 {[%emt 0:00:34]} 64. g4 {[%emt 0:00:01]} h6 {[%emt 0:00:31]} 65. f3 {[%emt 0:00:01]} Kc6 {[%emt 0:00:07]} 66. Ka5 {[%emt 0:00:04]} 1-0

[Event "2nd Asian Nations Team Cup U14 2019"]
[Site "Shenzhen"]
[Date "2019.12.21"]
[Round "4.10"]
[White "Foo, Jiu Yarng Clarance"]
[Black "Zhang, Di"]
[Result "0-1"]
[WhiteElo "1654"]
[BlackElo "2013"]
[Annotator "NA RC"]
[PlyCount "80"]
[EventDate "2019.12.19"]
[EventType "team-tourn"]
[EventCountry "CHN"]
[SourceTitle "playchess.com"]
[Source "ChessBase"]
[SourceQuality "1"]
[TimeControl "5400+30"]

1. d4 {[%emt 0:00:00]} d5 {[%emt 0:00:00]} 2. c4 {[%emt 0:00:00]} dxc4 {[%emt 0:00:00]} 3. e4 {[%emt 0:03:25]} b5 {[%emt 0:00:00]} 4. a4 {[%emt 0:01:56]} c6 {[%emt 0:00:01]} 5. axb5 {[%emt 0:05:50]} cxb5 {[%emt 0:00:03]} 6. Nc3 {[%emt 0:00:20]} Bb7 {[%emt 0:04:40]} 7. Nxb5 {[%emt 0:07:53]} e6 {[%emt 0:02:37]} 8. Nc3 {[%emt 0:04:27]} Nf6 {[%emt 0:02:12]} 9. f3 {[%emt 0:08:09]} Nc6 {[%emt 0:08:28]} 10. Be3 {[%emt 0:07:29]} Qb6 {[%emt 0:03:11]} 11. Qd2 {[%emt 0:10:15]} Qb3 {[%emt 0:07:41]} 12. Be2 {[%emt 0:06:12]} Rd8 {[%emt 0:02:09]} 13. Ra4 {[%emt 0:09:50]} Nb4 {[%emt 0:07:55]} 14. Bd1 {[%emt 0:02:18]} Qxb2 {[%emt 0:00:23]} 15. Qxb2 {[%emt 0:05:19]} Nd3+ {[%emt 0:00:01]} 16. Ke2 {[%emt 0:00:56]} Nxb2 {[%emt 0:00:14]} 17. Rxa7 {[%emt 0:01:32]} Nxd1 {[%emt 0:02:28]} 18. Kxd1 {[%emt 0:01:14]} Rd7 {[%emt 0:01:29]} 19. Ra4 {[%emt 0:02:22]} Rc7 {[%emt 0:01:16]} 20. Nge2 {[%emt 0:02:39]} Be7 {[%emt 0:00:31]} 21. Nb5 {[%emt 0:00:52]} Rc8 {[%emt 0:01:22]} 22. Ra7 {[%emt 0:03:03]} Bc6 {[%emt 0:00:48]} 23. Nc7+ {[%emt 0:02:17]} Kf8 {[%emt 0:06:08]} 24. Nc3 {[%emt 0:03:33]} Rb8 {[%emt 0:09:23]} 25. Kc2 {[%emt 0:02:13]} h6 {[%emt 0:02:08]} 26. d5 {[%emt 0:02:48]} exd5 {[%emt 0:01:27]} 27. exd5 {[%emt 0:00:09]} Bd7 {[%emt 0:00:24]} 28. Bf4 {[%emt 0:00:34]} Bf5+ {[%emt 0:01:01]} 29. Kc1 {[%emt 0:02:33]} Bb4 {[%emt 0:02:40]} 30. N3b5 {[%emt 0:04:08]} Bd3 {[%emt 0:07:25]} 31. Na6 {[%emt 0:00:40]} Rxb5 {[%emt 0:00:58]} 32. Ra8+ {[%emt 0:00:21]} Ke7 {[%emt 0:00:54]} 33. Rxh8 {[%emt 0:00:36]} Ba3+ {[%emt 0:00:10]} 34. Kd2 {[%emt 0:00:13]} Rb2+ {[%emt 0:00:09]} 35. Kc3 {[%emt 0:00:50]} Nxd5+ {[%emt 0:00:14]} 36. Kd4 {[%emt 0:00:14]} Nxf4 {[%emt 0:00:04]} 37. Rc8 {[%emt 0:00:47]} Ne6+ {[%emt 0:00:14]} 38. Kd5 {[%emt 0:00:31]} Rb5+ {[%emt 0:00:05]} 39. Nc5 {[%emt 0:00:22]} Bxc5 {[%emt 0:00:09]} 40. h4 {[%emt 0:00:34]} Ba3+ {[%emt 0:00:15] Kd4} 0-1

[Event "2nd Asian Nations Team Cup U14 2019"]
[Site "Shenzhen"]
[Date "2019.12.21"]
[Round "4.11"]
[White "Xiao, Tong"]
[Black "Lee, Ryan"]
[Result "1-0"]
[WhiteElo "1925"]
[BlackElo "1615"]
[Annotator "NA RC"]
[PlyCount "67"]
[EventDate "2019.12.19"]
[EventType "team-tourn"]
[EventCountry "CHN"]
[SourceTitle "playchess.com"]
[Source "ChessBase"]
[SourceQuality "1"]
[TimeControl "5400+30"]

1. e4 {[%emt 0:00:00]} c5 {[%emt 0:00:00]} 2. Nf3 {[%emt 0:00:00]} Nc6 {[%emt 0:00:07]} 3. d4 {[%emt 0:00:00]} cxd4 {[%emt 0:00:00]} 4. Nxd4 {[%emt 0:00:00]} g6 {[%emt 0:00:00]} 5. Nc3 {[%emt 0:00:03]} Bg7 {[%emt 0:00:00]} 6. Be3 {[%emt 0:00:05]} Nf6 {[%emt 0:00:00]} 7. Bc4 {[%emt 0:00:04]} Qa5 {[%emt 0:00:00]} 8. O-O {[%emt 0:00:31]} O-O {[%emt 0:01:48]} 9. Bb3 {[%emt 0:01:49]} a6 {[%emt 0:00:33]} 10. f3 {[%emt 0:05:35]} b5 {[%emt 0:05:10]} 11. Nxc6 {[%emt 0:00:00]} dxc6 {[%emt 0:00:10]} 12. e5 {[%emt 0:00:59]} Nd7 {[%emt 0:01:24]} 13. e6 {[%emt 0:00:39]} Nf6 {[%emt 0:02:54]} 14. exf7+ {[%emt 0:00:00]} Kh8 {[%emt 0:00:58]} 15. Qe1 {[%emt 0:18:13]} b4 {[%emt 0:17:20]} 16. Na4 {[%emt 0:04:10]} Nd7 {[%emt 0:05:16]} 17. a3 {[%emt 0:01:10]} c5 {[%emt 0:01:35]} 18. axb4 {[%emt 0:00:00]} Qxb4 {[%emt 0:05:19]} 19. Nxc5 {[%emt 0:00:24]} Qxe1 {[%emt 0:00:22]} 20. Raxe1 {[%emt 0:09:53]} Rb8 {[%emt 0:09:48]} 21. Nxd7 {[%emt 0:00:00]} Bxd7 {[%emt 0:00:21]} 22. Bc5 {[%emt 0:06:26]} Rfc8 {[%emt 0:06:42]} 23. Bxe7 {[%emt 0:00:00]} Bb5 {[%emt 0:01:33]} 24. Rf2 {[%emt 0:01:21]} Bd4 {[%emt 0:03:29]} 25. Kh1 {[%emt 0:00:00]} Kg7 {[%emt 0:03:14]} 26. Rd2 {[%emt 0:02:01]} Bxb2 {[%emt 0:03:24]} 27. Rd6 {[%emt 0:00:00]} Ba3 28. f8=Q+ {[%emt 0:02:52]} Rxf8 {[%emt 0:06:40]} 29. Bxf8+ {[%emt 0:00:00]} Rxf8 {[%emt 0:00:18]} 30. Rd5 {[%emt 0:00:00]} Rc8 {[%emt 0:00:47]} 31. h4 {[%emt 0:00:00]} Bc4 {[%emt 0:00:45]} 32. Rd7+ {[%emt 0:00:00]} Kh6 {[%emt 0:00:00]} 33. Bxc4 {[%emt 0:00:00]} Rxc4 {[%emt 0:00:01]} 34. g4 {[%emt 0:01:16]} 1-0

[Event "2nd Asian Nations Team Cup U14 2019"]
[Site "Shenzhen"]
[Date "2019.12.21"]
[Round "4.12"]
[White "Foo, Jing Er Claire"]
[Black "Chen, Yuan"]
[Result "0-1"]
[WhiteElo "1546"]
[BlackElo "2056"]
[Annotator "NA RC"]
[PlyCount "152"]
[EventDate "2019.12.19"]
[EventType "team-tourn"]
[EventCountry "CHN"]
[SourceTitle "playchess.com"]
[Source "ChessBase"]
[SourceQuality "1"]
[TimeControl "5400+30"]

1. d4 {[%emt 0:00:01]} Nf6 {[%emt 0:00:05]} 2. c4 {[%emt 0:00:17]} e6 {[%emt 0:00:04]} 3. Nf3 {[%emt 0:00:08]} b6 {[%emt 0:00:22]} 4. a3 {[%emt 0:02:28]} Bb7 {[%emt 0:00:42]} 5. Nc3 {[%emt 0:00:20]} d5 {[%emt 0:00:07]} 6. Bg5 {[%emt 0:00:09]} Be7 {[%emt 0:00:20]} 7. e3 {[%emt 0:00:05]} O-O {[%emt 0:00:09]} 8. cxd5 {[%emt 0:00:06]} exd5 {[%emt 0:01:10]} 9. Bd3 {[%emt 0:00:14]} Nbd7 {[%emt 0:00:16]} 10. O-O {[%emt 0:01:18]} c5 {[%emt 0:01:04]} 11. Rc1 {[%emt 0:01:33]} Ne4 {[%emt 0:05:00]} 12. Bxe7 {[%emt 0:00:40]} Qxe7 {[%emt 0:02:30]} 13. Bb1 {[%emt 0:03:12]} Rac8 {[%emt 0:04:29]} 14. dxc5 {[%emt 0:04:41]} Nxc3 {[%emt 0:00:00]} 15. Rxc3 {[%emt 0:00:52]} bxc5 {[%emt 0:06:20]} 16. Qd3 {[%emt 0:06:17]} Nf6 {[%emt 0:05:36]} 17. Rfc1 {[%emt 0:21:06]} g6 {[%emt 0:10:31]} 18. Qd1 {[%emt 0:03:35]} Rfe8 {[%emt 0:02:26]} 19. h3 {[%emt 0:06:27]} Qd6 {[%emt 0:03:15]} 20. Qa4 {[%emt 0:31:25]} a6 {[%emt 0:10:51]} 21. Rb3 {[%emt 0:00:00]} Rc7 {[%emt 0:04:01]} 22. Qa5 {[%emt 0:00:00]} Nd7 {[%emt 0:01:03]} 23. Rbc3 {[%emt 0:06:09]} Rec8 {[%emt 0:03:02]} 24. Ne1 {[%emt 0:01:31]} Nb6 {[%emt 0:03:36]} 25. Ba2 {[%emt 0:00:00]} c4 {[%emt 0:18:12]} 26. R3c2 {[%emt 0:00:00]} d4 {[%emt 0:05:25]} 27. exd4 {[%emt 0:00:50]} Qxd4 {[%emt 0:04:24]} 28. Rd2 {[%emt 0:00:00]} Qf6 {[%emt 0:09:54]} 29. Rdc2 {[%emt 0:02:42]} Rc5 {[%emt 0:02:11]} 30. Qc3 {[%emt 0:00:59]} Qg5 {[%emt 0:01:45]} 31. Qd2 {[%emt 0:00:00]} Qf6 {[%emt 0:00:00]} 32. Qc3 {[%emt 0:00:00]} Qc6 {[%emt 0:00:45]} 33. Qg3 {[%emt 0:02:04]} Re8 {[%emt 0:00:00]} 34. Nd3 {[%emt 0:00:08]} Rf5 35. Bxc4 {[%emt 0:03:11]} Qf6 {[%emt 0:03:27]} 36. Ne1 {[%emt 0:00:00]} Rg5 {[%emt 0:01:40]} 37. Qc3 {[%emt 0:01:43]} Qf4 {[%emt 0:01:01]} 38. Bf1 {[%emt 0:05:13]} Rc8 {[%emt 0:02:30]} 39. Qe3 {[%emt 0:00:00]} Qxe3 {[%emt 0:00:47]} 40. fxe3 {[%emt 0:00:00]} Re8 {[%emt 0:00:00]} 41. Re2 {[%emt 0:00:11]} Rge5 {[%emt 0:00:48]} 42. Kf2 {[%emt 0:00:40]} Nd5 {[%emt 0:00:23]} 43. Nc2 {[%emt 0:00:22]} a5 {[%emt 0:00:26]} 44. g4 {[%emt 0:00:22]} Ba6 {[%emt 0:00:28]} 45. Ree1 {[%emt 0:00:50]} Bxf1 {[%emt 0:00:00]} 46. Rxf1 {[%emt 0:00:36]} Nxe3 {[%emt 0:00:23]} 47. Rfe1 {[%emt 0:00:16]} Nxc2 {[%emt 0:00:00]} 48. Rxe5 {[%emt 0:00:08]} Rxe5 49. Rxc2 h5 {[%emt 0:00:40]} 50. Kf3 {[%emt 0:00:33]} Kg7 {[%emt 0:00:00]} 51. Kf4 {[%emt 0:00:43]} Rb5 {[%emt 0:00:00]} 52. gxh5 {[%emt 0:00:37]} Rxh5 {[%emt 0:00:00]} 53. Rc3 {[%emt 0:00:34]} Rb5 {[%emt 0:01:35]} 54. Rc2 {[%emt 0:00:48]} g5+ {[%emt 0:00:00]} 55. Kg4 {[%emt 0:00:14]} Kg6 {[%emt 0:00:00]} 56. Rd2 {[%emt 0:01:11]} f5+ {[%emt 0:00:00]} 57. Kg3 {[%emt 0:00:06]} Rb3+ {[%emt 0:00:00]} 58. Kg2 {[%emt 0:00:11]} Kh5 {[%emt 0:00:00]} 59. Kh2 {[%emt 0:00:44]} Kh4 {[%emt 0:00:00]} 60. Rd4+ {[%emt 0:00:20]} f4 {[%emt 0:00:00]} 61. Rd2 {[%emt 0:00:59]} Rxh3+ {[%emt 0:00:00]} 62. Kg2 {[%emt 0:00:10]} Rb3 {[%emt 0:00:00]} 63. Rc2 {[%emt 0:00:06]} Kg4 {[%emt 0:00:14]} 64. Kh2 {[%emt 0:00:46]} Rh3+ {[%emt 0:00:00]} 65. Kg1 {[%emt 0:02:55]} f3 {[%emt 0:00:00]} 66. b4 {[%emt 0:00:00]} axb4 {[%emt 0:00:00]} 67. axb4 {[%emt 0:00:00]} Kg3 {[%emt 0:00:00]} 68. b5 {[%emt 0:01:53]} Rh6 {[%emt 0:00:00]} 69. Rb2 {[%emt 0:00:00]} Rb6 {[%emt 0:00:00]} 70. Rb3 {[%emt 0:00:00]} g4 {[%emt 0:00:00]} 71. Rb4 {[%emt 0:01:10]} Re6 {[%emt 0:00:47]} 72. Rb1 {[%emt 0:02:12]} f2+ {[%emt 0:00:11]} 73. Kf1 {[%emt 0:00:00]} Re3 {[%emt 0:00:00]} 74. b6 {[%emt 0:00:00]} Kf3 {[%emt 0:00:25]} 75. b7 {[%emt 0:00:00]} g3 {[%emt 0:00:00]} 76. Rb3 {[%emt 0:00:00]} g2# {[%emt 0:00:00]} 0-1

[Event "2nd Asian Nations Team Cup U14 2019"]
[Site "Shenzhen"]
[Date "2019.12.21"]
[Round "4.13"]
[White "Amilal Munkhdalai"]
[Black "Hou, Yifan b"]
[Result "1-0"]
[WhiteElo "2126"]
[BlackElo "2124"]
[Annotator "TA"]
[PlyCount "75"]
[EventDate "2019.12.19"]
[EventType "team-tourn"]
[EventCountry "CHN"]
[SourceTitle "playchess.com"]
[Source "ChessBase"]
[SourceQuality "1"]

{[%evp 26,75,-15,-16,57,19,27,33,37,36,35,25,37,34,146,145,119,73,75,92,384,377,455,450,454,433,432,447,1088,1100,1217,1240,1216,1214,1200,1149,1531,1628,1205,1187,6287,867,1177,1114,29994,29995,29995,29996,29997,29998,29998,29999]} 1. e4 c5 2. Nf3 Nc6 3. d4 cxd4 4. Nxd4 Qc7 5. Nc3 e6 6. Be3 a6 7. Be2 Nf6 8. O-O Be7 9. f4 d6 10. Qe1 Nxd4 11. Bxd4 b5 12. a3 Bb7 13. Bd3 O-O 14. Qg3 Rfe8 {B85: Sicilian Scheveningen: 6 Be2 a6, lines with early Be3} (14... Rae8 $11) 15. Kh1 Rad8 16. Rae1 Rd7 {White is slightly better.} 17. a4 (17. Re2 Qd8 18. Qh3 Bf8 19. a4 e5 20. fxe5 dxe5 21. Bf2 b4 22. Nd5 Nxd5 23. exd5 {0-1 (62) Navara,D (2724)-Moranda,W (2597) Katowice 2019}) 17... b4 18. Na2 a5 19. c3 d5 (19... bxc3 $1 $14 20. Nxc3 Rc8) 20. Bxf6 $1 $16 Bxf6 21. e5 Be7 {[#]} 22. cxb4 $146 {[%mdl 128] White wants a kill.} ({Predecessor:} 22. f5 Bf8 23. fxe6 fxe6 24. cxb4 axb4 {1-0 (65) Gao,R (2523)-Wang,J (2353) Zhongshan 2014}) 22... Rc8 $2 {[%mdl 8192]} (22... Rf8 $16) 23. f5 $18 Bf8 24. fxe6 fxe6 {[#]} 25. Qh3 $1 {[%csl Gd3][%cal Rh3h7][%mdl 64] Double Attack} g6 26. Qxe6+ Kh8 (26... Rf7 $142 27. bxa5 Qe7 28. Qxf7+ Qxf7) 27. Rc1 Qd8 {[#]} 28. Rxf8+ $1 {[%mdl 64] Deflection} Qxf8 29. Qxd7 Rxc1+ 30. Nxc1 {And now e6 would win.} Qxb4 31. Qd8+ Kg7 32. Qf6+ Kh6 33. Qf2 d4 34. Ne2 Qxa4 35. Qf8+ {White mates.} Kh5 36. Ng3+ Kg5 37. Qf6+ Kh6 38. Nf5+ {Accuracy: White = 87%, Black = 23%.} 1-0